000 01128nam a2200301 i 4500
001 bg
100 1 _aMAKARSKI, Sylwester
245 1 0 _aPrzedsiębiorczość w agrobiznesie /
_cSylwester Makarski ; Polska Akademia Nauk. Instytut Rozwoju Wsi i Rolnictwa, Akademia Rolnicza w Krakowie. Wydział Ekonomii w Rzeszowie.
260 _aWarszawa :
_bPAN. IRWiR,
_c2000.
300 _a290 s. :
_bil., 1 mapa ;
_c25 cm.
490 1 _aProblemy Rozwoju Wsi i Rolnictwa
500 _aStreszcz. ang.
504 _aBibliogr.
650 9 _aRolnictwo
_xpolityka
_zPolska
_yod 1989 r.
650 9 _aRynek
_xrolnictwo
_zPolska
_yod 1989 r.
650 9 _aWieś
_xgospodarka
_zPolska
_yod 1989 r.
710 0 _aPolska Akademia Nauk
_bInstytut Rozwoju Wsi i Rolnictwa
710 0 _aAkademia Rolnicza (Kraków)
_bWydział Ekonomii (Rzeszów)
830 _aProblemy Rozwoju Wsi i Rolnictwa
020 _a838536949X
040 _cBPK
041 0 _apl
_ben
080 _a338.43(438)"1989/..."
920 _a83-85369-49-X
942 _cKS
008 s pl f |000 0 pol
999 _c39559
_d39559
856 _uhttp://koha.tu.koszalin.pl/cgi-bin/koha/opac-detail.pl?biblionumber=39559
_yKatalog online BPK